| 000 | 00387pab a2200169 454500 | ||
|---|---|---|---|
| 008 | 180718b2000 xxu||||| |||| 00| 0 eng d | ||
| 100 | _aDasgupta, R.K. | ||
| 245 | _aEducation and population | ||
| 260 | _c2000 | ||
| 300 | _ap.36-38,48 | ||
| 362 | _aAug | ||
| 650 | _aIndia - Population | ||
| 650 | _aEducation - India | ||
| 650 | _aEducation | ||
| 773 | _aYojana | ||
| 909 | _a45553 | ||
| 999 |
_c45553 _d45553 |
||